[Event "SRB-chT2 West"]
[Site "Serbia"]
[Date "2009.10.08"]
[Round "6.1"]
[White "Jovic, Miodrag"]
[Black "Nesic, Dragisa"]
[Result "1/2-1/2"]
[WhiteElo "2222"]
[BlackElo "2135"]
[PlyCount "68"]
[EventDate "2009.09.06"]
[EventType "team"]
[EventRounds "11"]
[EventCountry "SRB"]
[SourceTitle "EXT 2012"]
[Source "ChessBase"]
[SourceDate "2011.11.24"]
[SourceVersion "1"]
[SourceVersionDate "2011.11.24"]
[SourceQuality "1"]

1. e4 c5 2. Nf3 Nc6 3. Bb5 e6 4. 0-0 Nge7 5. d4 cxd4 6. Nxd4 a6 7. Bxc6 dxc6 8. Nc3 c5 9. Nde2 Qxd1 10. Rxd1 b5 11. Bf4 Bb7 12. Bd6 b4 13. Na4 Bxe4 14. Nxc5 Bxc2 15. Rd2 Bf5 16. Ng3 a5 17. Bxe7 Bxe7 18. Nxf5 Bxc5 19. Nxg7+ Ke7 20. Rad1 h5 21. Rc2 Rhd8 22. Rxd8 Rxd8 23. g4 Rd1+ 24. Kg2 Bd4 25. Nxh5 a4 26. Nf4 Be5 27. Kf3 Rb1 28. Nd3 b3 29. axb3 axb3 30. Re2 Bxh2 31. Nc5 Kf6 32. Nxb3 Be5 33. Nd2 Rxb2 34. Ne4+ Kg7 1/2-1/2

[Event "YUG Cup1"]
[Site "Yugoslavia"]
[Date "2002.05.18"]
[Round "6"]
[White "Jovic, Miodrag"]
[Black "Saric, Sinisa"]
[Result "1-0"]
[WhiteElo "2280"]
[BlackElo "2214"]
[PlyCount "111"]
[EventDate "2002.05.??"]
[EventType "swiss"]
[EventRounds "7"]
[EventCountry "YUG"]
[SourceTitle "EXT 2006"]
[Source "ChessBase"]
[SourceDate "2005.11.24"]
[SourceVersion "1"]
[SourceVersionDate "2005.11.24"]
[SourceQuality "1"]

1. e4 d5 2. exd5 Qxd5 3. Nc3 Qa5 4. Bc4 Nf6 5. Nf3 Nc6 6. h3 Ne5 7. b4 Nxf3+ 8. Qxf3 Qe5+ 9. Be2 e6 10. Bb2 Bxb4 11. Rb1 0-0 12. Nb5 Qg5 13. 0-0 Bxd2 14. Nxc7 Rb8 15. Nb5 b6 16. Nd6 Qf4 17. Bxf6 Qxf3 18. Bxf3 gxf6 19. Ne4 Bg5 20. Rfd1 Kg7 21. g3 Bh6 22. Nd6 Ba6 23. Rb4 b5 24. a4 bxa4 25. Rxa4 Rb6 26. c4 Bc8 27. Rxa7 Rb3 28. Bh5 f5 29. Nxc8 Rxc8 30. Rxf7+ Kg8 31. Re7 Bf8 32. Rxe6 f4 33. gxf4 Rxh3 34. Rd5 Rxc4 35. Rg5+ Kh8 36. Bf7 h6 37. Rg8+ Kh7 38. Rxf8 Rc7 39. Rf6 Ra3 40. Bd5 Ra1+ 41. Kg2 Ra5 42. R8f7+ Rxf7 43. Rxf7+ Kg6 44. f5+ Kg5 45. Be6 h5 46. Rg7+ Kh4 47. Rc7 Kg5 48. Rc3 Ra4 49. Rg3+ Kh4 50. Rf3 Ra6 51. f6 Ra8 52. f7 Rf8 53. Bb3 Kg5 54. Rg3+ Kh4 55. Re3 Rg8+ 56. fxg8N 1-0

[Event "Secondario 15th"]
[Site "Caorle"]
[Date "1990.07.13"]
[Round "7.2"]
[White "Jovic, Miodrag"]
[Black "Jovanovic, Zoran Z"]
[Result "0-1"]
[WhiteElo "2000"]
[BlackElo "2000"]
[PlyCount "92"]
[EventDate "1990.07.07"]
[EventType "swiss"]
[EventRounds "8"]
[EventCountry "ITA"]
[SourceTitle "EXT 2023"]
[Source "ChessBase"]
[SourceDate "2022.10.05"]
[SourceVersion "1"]
[SourceVersionDate "2022.10.05"]
[SourceQuality "1"]

1. e4 d6 2. Bc4 Nf6 3. Qe2 Nc6 4. c3 d5 5. exd5 Nxd5 6. d4 Bf5 7. Nf3 e6 8. Bb5 Bd6 9. 0-0 0-0 10. Re1 Bg4 11. h3 Bh5 12. Nbd2 Nf4 13. Qf1 a6 14. Bxc6 bxc6 15. Ne5 f6 16. Nec4 Bf7 17. Ne4 Nd5 18. Na5 Re8 19. Nxc6 Qc8 20. c4 Ne7 21. Na5 Nf5 22. Nb3 a5 23. Be3 Qb7 24. Nxd6 cxd6 25. Qe2 Nxe3 26. Qxe3 a4 27. Nd2 Qxb2 28. Reb1 Qc2 29. Rc1 Qf5 30. Ne4 Rad8 31. c5 dxc5 32. dxc5 Re7 33. Rc4 Be8 34. c6 Qe5 35. Rac1 Rc7 36. Qb6 Rdc8 37. Qa6 a3 38. g3 h6 39. Qa4 Qd5 40. Nc3 Qf3 41. Ne4 Qd3 42. Rd4 Qe2 43. Rd2 Rxc6 44. Rxc6 Qe1+ 45. Kh2 Bxc6 46. Qa6 Bxe4 0-1

[Event "Secondario 15th"]
[Site "Caorle"]
[Date "1990.07.09"]
[Round "3.4"]
[White "Jovic, Miodrag"]
[Black "Giangregorio, Pasquale"]
[Result "1-0"]
[WhiteElo "2000"]
[BlackElo "1809"]
[PlyCount "139"]
[EventDate "1990.07.07"]
[EventType "swiss"]
[EventRounds "8"]
[EventCountry "ITA"]
[SourceTitle "EXT 2023"]
[Source "ChessBase"]
[SourceDate "2022.10.05"]
[SourceVersion "1"]
[SourceVersionDate "2022.10.05"]
[SourceQuality "1"]

1. e4 c6 2. d4 d5 3. Nc3 dxe4 4. Nxe4 Bf5 5. Ng3 Bg6 6. Nf3 Nd7 7. h4 h6 8. h5 Bh7 9. Bc4 e6 10. Qe2 Qc7 11. Ne5 Nxe5 12. dxe5 Ne7 13. 0-0 Nd5 14. Re1 Be7 15. Qg4 Rg8 16. c3 0-0-0 17. Qf3 Bc5 18. a4 Nb6 19. Bf1 Rd5 20. a5 Nd7 21. b4 Nxe5 22. Rxe5 Bxf2+ 23. Kxf2 Qxe5 24. Bc4 Rd7 25. a6 b5 26. Bf4 Qf6 27. Bxb5 e5 28. Qxc6+ Qxc6 29. Bxc6 exf4 30. Bxd7+ Kxd7 31. Ne2 Rc8 32. Ra5 g5 33. hxg6 fxg6 34. Rd5+ Ke7 35. Rb5 Kd7 36. Nxf4 Bg8 37. Rb7+ Rc7 38. Rxc7+ Kxc7 39. Nxg6 Kb6 40. Ke3 Kxa6 41. Kd4 Kb5 42. Nf4 a5 43. bxa5 Kxa5 44. Kc5 Bf7 45. g3 Ka6 46. Nd5 Kb7 47. Kd6 Bh5 48. c4 Bf3 49. Ne7 Bg4 50. c5 Kb8 51. c6 h5 52. Nd5 Kc8 53. Nf6 Bf3 54. Nd7 Bg4 55. Ne5 Be2 56. Ng6 Bg4 57. Ne7+ Kb8 58. Kc5 Ka7 59. Kd6 Kb8 60. c7+ Kb7 61. c8Q+ Bxc8 62. Nxc8 Kxc8 63. Ke7 Kc7 64. Kf6 Kd7 65. Kg5 Ke7 66. Kxh5 Kf7 67. Kh6 Kf6 68. g4 Kf7 69. g5 Kg8 70. Kg6 1-0